000 00810nam a2200205Ii 4500
003 JO-AjNU
008 230605s9999||||xx |||||||||||||| ||und||
040 _aJO-AjNU
_bara
_erda
_cJO-AjNU
041 _aara
050 1 4 _aK1150.N3578.1982
100 3 _a الناهي، صلاح الدين عبد اللطيف ,
_eauthor
_946896
245 0 0 _aالوجيز في مبادئ القانون البحري
250 _aط1
264 3 1 _aعمان : دار المهد ، 1982
300 _a304ص
336 _atext
_btxt
_2rdacontent
337 _aunmediated
_bn
_2rdamedia
338 _avolume
_bnc
_2rdacarrier
650 4 _aالقانون البحري - الاردن -- القانون البحري - سوريا -- القانون البحري - الجزائر -- القانون البحري - لبنان
_946897
999 _aA20434
_c24002
_d24002